000 00720nam a2200241Ia 4500
003 OSt
005 20220918163507.0
006 a|||||r|||| 00| 0
007 ta
008 220917b |||||||| |||| 00| 0 eng d
020 _a0048910457
024 _a36,860
037 _cTextual
040 _aARTS
_cARTS
_beng
041 _2eng
_aeng
082 _aO142,1L99x, 111L2
100 _aPushkin Alexander
_913438
245 0 _aPushkin three fold
_b Narrative, lyric, polemic, and ribald verse tr by Walter Arndt
260 _aLondon
_bGeorge Allen and UnwinLtd. UK
_c1972
650 _aENGLISH LITERATURE
942 _hO142,1L99x, 111L2
_cTEXL
_2CC
999 _c119847
_d119847